Dr Christian's guide to growing up online / (Record no. 3785)

MARC details
000 -LEADER
fixed length control field 01472nam a22002297a 4500
001 - CONTROL NUMBER
control field 3785
003 - CONTROL NUMBER IDENTIFIER
control field FISKH
005 - DATE AND TIME OF LATEST TRANSACTION
control field 20260311143857.0
008 - FIXED-LENGTH DATA ELEMENTS--GENERAL INFORMATION
fixed length control field 240507b cb ||||| |||| 00| 0 eng d
040 ## - CATALOGING SOURCE
Original cataloging agency FISK
Language of cataloging eng
Transcribing agency FISK
Modifying agency FISK
082 ## - DEWEY DECIMAL CLASSIFICATION NUMBER
Classification number 612.65
100 ## - MAIN ENTRY--PERSONAL NAME
Personal name Dr Jessen Christian
Dates associated with a name 1977-
245 ## - TITLE STATEMENT
Title Dr Christian's guide to growing up online /
Statement of responsibility, etc. Dr Christian Jessen
260 ## - PUBLICATION, DISTRIBUTION, ETC.
Place of publication, distribution, etc. London :
Name of publisher, distributor, etc. Children's Books,
Date of publication, distribution, etc. 2018
300 ## - PHYSICAL DESCRIPTION
Extent 144 pages :
Other physical details color illustrations,
Dimensions 21 cm
505 ## - FORMATTED CONTENTS NOTE
Formatted contents note K
520 ## - SUMMARY, ETC.
Summary, etc. The ULTIMATE online survival guide! Dr Christian, TV's favourite doctor, tackles all your awkward questions head-on, helping you find out how to stay safe growing up in a digital world. From cyberbullying to binge-watching TV, from group chats to your digital footprint, this book contains REAL answers to REAL questions. Perfect for children and parents alike! TOPICS COVERED: cyberbullying online grooming feeling left out on social media binge-watching TV unauthorised sharing of personal photos and information dealing with strangers online digital footprints keeping passwords private dealing with nasty social media and text messages feeling angry about online discussions what's a Finsta? coping with catfishing dealing with anxiety family agreements and contracts chatbots making friends in real life combatting trolls grooming
521 8# - TARGET AUDIENCE NOTE
Target audience note estimates,
Source Lexile NP
700 ## - ADDED ENTRY--PERSONAL NAME
Personal name Dr Christian Jessen
942 ## - ADDED ENTRY ELEMENTS (KOHA)
Source of classification or shelving scheme Dewey Decimal Classification
Koha item type Books
Suppress in OPAC No
Holdings
Withdrawn status Lost status Source of classification or shelving scheme Damaged status Not for loan Collection Home library Current library Shelving location Date acquired Total Checkouts Full call number Barcode Date last seen Date last checked out Copy number Price effective from Koha item type
    Dewey Decimal Classification     Fiction Footprints International School Library Network Toul Tom Poung Campus Footprints International School Library Network Toul Tom Poung Campus TTP Primary Green Bookshelves 05/07/2024 1 JES 612.65 2024-0581 03/11/2026 03/11/2026 1 05/07/2024 Books